000 00481nam a2200193Ia 4500
005 20240823041151.0
008 240823s9999||||xx |||||||||||||| ||und||
020 _a978-81-7587-761-0
041 _aURUDU
082 _A346.73013 Q2
100 _aKhawaja Abdul Muntaqim
245 0 _aHindustani Niza-e-Qanoon
250 _a1st
260 _c2012
_bNational Council for Promotion of Urdu Lan
500 _aYES
650 _aAct Law
_bGeneral
942 _cBK
999 _c204850
_d204850